00257pam a2200109 a 4500020000500000041000500005082001300010100001900023245006300042260003400105300000800139 c h a658bANA aAnand, Mulkraj aLament On The Death Of A Master Of ArtshTextual Documents aPunebHind Pocket Booksc1967 a120